[Event "2nd European Youth GP 2017"]
[Site "Jermuk"]
[Date "2017.10.09"]
[Round "6"]
[White "Pogosyan, Stefan"]
[Black "Shevchenko, Kirill"]
[Result "0-1"]
[WhiteElo "2368"]
[BlackElo "2531"]
[Annotator "TA"]
[PlyCount "102"]
[EventDate "2017.??.??"]
[EventType "tourn"]
[EventCountry "ARM"]
[SourceTitle "playchess.com"]
[Source "ChessBase"]
[SourceQuality "1"]

{[%evp 27,101,5,7,14,24,-21,0,-41,0,-56,-57,-56,-54,-106,-110,-110,-114,-125,-125,-129,-137,-145,-132,-144,-119,-128,-95,-111,-100,-190,-166,-247,-201,-248,-210,-210,-200,-237,-192,-208,-205,-252,-202,-208,0,-251,-251,-251,-242,-257,-257,-257,-257,-260,-260,-260,-209,-259,0,-258,-208,-350,-320,-329,-295,-260,-251,-247,-178,-315,-282,-315,0,-29981,-29975,-29999]} 1. d4 d6 2. Nf3 Nf6 3. c4 g6 4. Nc3 Bg7 5. g3 O-O 6. Bg2 Bf5 7. Nh4 Bc8 8. Nf3 {[%cal Bh4f3,Bf3e1,Be1d3][%mdl 32]} Nc6 9. O-O e5 10. d5 Nb8 {[%cal Bc6b8,Bb8a6,Ba6c5][%mdl 32]} 11. e4 a5 {E62: Königsindisch (6...Sc6)} 12. Ne1 Na6 13. Nd3 (13. f4 exf4 14. gxf4 Re8 15. Nd3 Ng4 16. h3 Bd4+ 17. Kh1 {½-½ (25) Inarkiev,E (2727)-Sutovsky,E (2650) Poikovsky 2017}) 13... Nd7 14. Be3 f5 {LiveBook: 15 Partien} 15. f3 f4 16. Bf2 $146 ({Vorgänger:} 16. gxf4 exf4 17. Bxf4 Nb6 18. Ne2 g5 19. Bg3 Nxc4 {0-1 (60) Fedotov,N (2302)-Shevchenko,K (2447) St Petersburg 2016}) 16... Nac5 17. b3 h5 18. Rb1 ({Günstiger ist} 18. Nb2 $11) 18... Nxd3 $15 19. Qxd3 b6 20. g4 (20. a3 $15) 20... hxg4 $17 21. fxg4 Bf6 22. Bf3 Bh4 23. Qe2 Rf7 {[%cal Bf8f7,Bf7h7,Bh7h4][%mdl 32]} 24. Kg2 Rh7 25. h3 Qg5 26. Rh1 Nf6 27. Bxh4 Rxh4 28. Qf2 (28. Nb5 $17) 28... Bd7 $19 29. Kf1 (29. Nb5 $142 Rc8 30. Na7) 29... Nh7 30. Rh2 Qh6 {Droht stark ...Sg5.} 31. Kg2 Kf7 32. Rbh1 Rh8 33. Ne2 Ke7 34. a4 Nf6 {[%cal Rd7g4] zielt auf ...Lxg4! ab.} 35. Kg1 Nh7 36. Kg2 $1 Ng5 37. Ng1 Qf8 38. Ne2 R8h7 39. Ng1 Qh8 40. Qe2 c6 41. Qd3 R4h6 (41... cxd5 42. cxd5 Qc8 43. Bd1 $17) 42. Be2 Rh4 (42... cxd5 43. cxd5 Rh4 44. Qc4 $17) 43. Bf3 $1 Qc8 ({Viel schwächer ist} 43... cxd5 44. cxd5 Kf7 45. Be2 $19) 44. Qe2 (44. Be2 $142) 44... cxd5 45. exd5 Kf6 46. Qd3 Qh8 47. Bd1 e4 $36 {[%mdl 2048] Schwarz ist am Drücker.} 48. Qd2 {[#]} (48. Qf1 {ist der einzige Weg für Weiss..} f3+ 49. Bxf3 $1 {[%mdl 512]} exf3+ 50. Nxf3 Nxf3 51. Qxf3+ Ke7 52. Qe3+ Qe5 53. Re1 Qxe3 54. Rxe3+ Kd8 55. Rg3) 48... f3+ $1 49. Kg3 {Weiss will Df4+ spielen.} Nxh3 $2 ({Lieber} 49... Qd8 $19 {...Kg7 ist eine echte Drohung.} 50. Qf4+ Kg7 51. Qxd6 Nf7) 50. Qd4+ $2 {[%mdl 8192]} ({Viel schlechter ist} 50. Nxh3 Rxg4+ 51. Kf2 Ke7 $17) (50. Bxf3 $11 exf3 51. Rxh3 Rxg4+ 52. Kxf3 Rxh3+ 53. Rxh3) 50... Kf7 {[%csl Gd7][%cal Rh4g4]} 51. Qxh8 Rxg4# {Precision: Weiß = 39%, Schwarz = 62%.} ({Minderwertig wäre} 51... Rxh8 52. Bxf3 exf3 53. Rxh3 $11) 0-1

[Event "2nd European Youth GP 2017"]
[Site "Jermuk"]
[Date "2017.10.09"]
[Round "6"]
[White "Nesterov, Arseniy"]
[Black "Shubin, Kirill"]
[Result "1-0"]
[WhiteElo "2350"]
[BlackElo "2359"]
[Annotator "NA"]
[PlyCount "79"]
[EventDate "2017.??.??"]
[EventType "tourn"]
[EventCountry "ARM"]
[SourceTitle "playchess.com"]
[Source "ChessBase"]
[SourceQuality "1"]
[TimeControl "5400+30"]

1. d4 {[%emt 0:00:00]} e6 {[%emt 0:00:03]} 2. c4 {[%emt 0:00:00]} Nf6 {[%emt 0:00:04]} 3. Nf3 {[%emt 0:00:00]} Bb4+ {[%emt 0:00:07]} 4. Bd2 {[%emt 0:00:00]} a5 {[%emt 0:00:07]} 5. g3 {[%emt 0:01:50]} d6 {[%emt 0:00:39]} 6. Bg2 {[%emt 0:01:18]} Nbd7 {[%emt 0:00:07]} 7. O-O {[%emt 0:00:34]} e5 {[%emt 0:00:07]} 8. Nc3 {[%emt 0:02:17]} exd4 {[%emt 0:00:15]} 9. Nxd4 {[%emt 0:00:12]} O-O {[%emt 0:00:30]} 10. Nd5 {[%emt 0:03:19] E11: Bogo-Indian} Bxd2 {[%emt 0:05:37] LiveBook: 9 Games} 11. Qxd2 {[%emt 0:00:05]} c6 {[%emt 0:08:41]} 12. Nc3 {[%emt 0:01:12]} Ne5 $146 {[%emt 0:11:46] [#]} ({Predecessor:} 12... Nc5 13. Nb3 Be6 14. Rfd1 Nxb3 15. axb3 Qb6 16. Qc2 Rfd8 17. Rd2 d5 {½-½ (102) Sargissian,G (2618)-Spraggett,K (2536) Moscow 2004}) 13. b3 $1 {[%emt 0:00:45]} h5 {[%emt 0:05:46]} 14. Rfd1 {[%emt 0:03:25]} Qc7 {[%emt 0:06:36]} 15. Nf3 {[%emt 0:01:00]} Nxf3+ {[%emt 0:02:01]} 16. Bxf3 {[%emt 0:00:11]} Rd8 {[%emt 0:00:04]} 17. Qf4 {[%emt 0:04:34]} Qe7 {[%emt 0:00:13]} 18. Rd2 {[%emt 0:00:46]} Bg4 {[%emt 0:06:45]} 19. Rad1 {[%emt 0:11:35]} Bxf3 {[%emt 0:02:17]} 20. exf3 {[%emt 0:00:09]} Ne8 {[%emt 0:01:46]} 21. Ne4 {[%emt 0:01:29]} a4 {[%emt 0:00:48]} 22. Nxd6 {[%emt 0:02:09]} Nxd6 {[%emt 0:00:07]} 23. Rxd6 {[%emt 0:00:03]} Rxd6 {[%emt 0:02:23]} 24. Rxd6 {[%emt 0:00:12]} axb3 {[%emt 0:01:29]} 25. axb3 {[%emt 0:00:08]} h4 {[%emt 0:06:51]} 26. Kg2 {[%emt 0:03:00]} hxg3 {[%emt 0:00:21]} 27. hxg3 {[%emt 0:00:13]} Re8 {[%emt 0:06:37]} 28. c5 {[%emt 0:03:38]} f6 {[%emt 0:04:12]} 29. b4 {[%emt 0:02:47]} Qf7 {[%emt 0:00:25]} 30. Qd4 {[%emt 0:00:59]} Re1 {[%emt 0:01:26]} 31. Qd2 {[%emt 0:01:32]} Re8 {[%emt 0:00:29]} 32. Qd3 {[%emt 0:02:14]} Re1 {[%emt 0:01:15]} 33. Rd8+ {[%emt 0:03:27]} Re8 {[%emt 0:00:08]} 34. Rd4 {[%emt 0:00:11]} Re7 {[%emt 0:00:49]} 35. Rh4 {[%emt 0:01:20]} g6 {[%emt 0:00:22]} 36. Rd4 {[%emt 0:00:44]} Kg7 {[%emt 0:00:22]} 37. Rd6 {[%emt 0:00:34]} Rc7 {[%emt 0:01:42]} 38. Qd4 $18 {[%emt 0:01:53]} Re7 {[%emt 0:00:10]} 39. g4 {[%emt 0:03:08]} g5 {[%emt 0:00:26]} 40. f4 {[%emt 0:01:18]} 1-0

[Event "2nd European Youth GP 2017"]
[Site "Jermuk"]
[Date "2017.10.09"]
[Round "6"]
[White "Gharibyan, Mamikon"]
[Black "Pultinevicius, Paulius"]
[Result "1-0"]
[WhiteElo "2346"]
[BlackElo "2387"]
[Annotator "NA"]
[PlyCount "55"]
[EventDate "2017.??.??"]
[EventType "tourn"]
[EventCountry "ARM"]
[SourceTitle "playchess.com"]
[Source "ChessBase"]
[SourceQuality "1"]
[TimeControl "5400+30"]

1. d4 {[%emt 0:00:00]} Nf6 {[%emt 0:00:08]} 2. Nf3 {[%emt 0:00:00]} e6 {[%emt 0:00:17]} 3. c4 {[%emt 0:00:12]} a6 {[%emt 0:00:38]} 4. e3 {[%emt 0:05:16]} d5 {[%emt 0:00:19]} 5. b3 {[%emt 0:05:25] LiveBook: 141 Games D30: Queen's Gambit Declined: Systems without Nc3} Bb4+ {[%emt 0:08:42]} (5... Nbd7 6. Bb2 b6 7. Nc3 Bb7 8. Bd3 Bd6 9. O-O O-O 10. Qe2 c5 11. cxd5 exd5 12. Rfd1 Re8 13. Rac1 Qb8 14. Bf5 cxd4 15. Rxd4 Ne5 16. Na4 b5 17. Nb6 Ra7 {½-½ (57) Laznicka,V (2664)-Naiditsch,A (2710) Linares 2017}) 6. Nbd2 {[%emt 0:06:20]} O-O {[%emt 0:20:09]} 7. Bb2 {[%emt 0:07:22]} b6 {[%emt 0:09:36]} 8. Bd3 {[%emt 0:02:50]} Bb7 {[%emt 0:10:48]} 9. O-O {[%emt 0:00:48]} Ne4 {[%emt 0:17:46]} 10. Rc1 $146 {[%emt 0:05:36]} ({Predecessor:} 10. Qc2 f5 11. a3 Bd6 12. b4 Nxd2 13. Nxd2 dxc4 14. Nxc4 Bxh2+ 15. Kxh2 {1-0 (30) Baumegger,S (2389)-Hoelzl,F (2325) Vienna 2010}) 10... Nd7 {[%emt 0:02:24]} 11. Qc2 {[%emt 0:11:24]} Ndf6 {[%emt 0:02:16]} 12. Rfd1 {[%emt 0:05:23]} Rc8 {[%emt 0:00:49]} 13. Nf1 {[%emt 0:09:40]} Be7 {[%emt 0:01:38]} 14. Qe2 {[%emt 0:02:09]} Ng4 {[%emt 0:02:32]} 15. Bxe4 $1 {[%emt 0:02:30]} dxe4 {[%emt 0:00:01]} 16. Ne5 {[%emt 0:00:09]} Nf6 {[%emt 0:04:35]} 17. Ng3 {[%emt 0:03:44]} Nd7 {[%emt 0:08:40]} 18. d5 $11 {[%emt 0:04:17]} Nxe5 {[%emt 0:00:44]} 19. Bxe5 {[%emt 0:00:13]} exd5 {[%emt 0:00:46]} 20. cxd5 {[%emt 0:02:34]} Ba3 {[%emt 0:05:09]} 21. Rc4 {[%emt 0:08:48]} Qe8 {[%emt 0:02:32]} 22. Ba1 {[%emt 0:14:10]} f5 {[%emt 0:00:28]} 23. Nh5 {[%emt 0:00:26]} Rf7 {[%emt 0:00:01]} 24. Bxg7 {[%emt 0:00:20]} Qb5 {[%emt 0:00:38]} 25. Bb2 {[%emt 0:01:10]} Bxb2 {[%emt 0:00:39]} 26. Qxb2 {[%emt 0:00:05]} Bxd5 {[%emt 0:00:04]} 27. a4 {[%emt 0:00:28]} Qa5 {[%emt 0:00:18]} 28. b4 {[%emt 0:00:24]} 1-0

[Event "2nd European Youth GP 2017"]
[Site "Jermuk"]
[Date "2017.10.11"]
[Round "7"]
[White "Shevchenko, Kirill"]
[Black "Nesterov, Arseniy"]
[Result "1-0"]
[WhiteElo "2531"]
[BlackElo "2350"]
[Annotator "TA"]
[PlyCount "47"]
[EventDate "2017.??.??"]
[EventType "tourn"]
[EventCountry "ARM"]
[SourceTitle "playchess.com"]
[Source "ChessBase"]
[SourceQuality "1"]

{[%evp 22,47,8,6,17,9,17,8,6,15,85,85,87,57,113,135,128,133,390,395,379,379,2458,2286,29990,29991,29991,29992]} 1. e4 e5 2. Nf3 Nc6 3. Bb5 {[%cal Bf1b5,Bb5a4,Ba4b3,Bb3d5][%mdl 32]} a6 4. Ba4 Nf6 5. d3 b5 6. Bb3 Bc5 7. Nc3 d6 {C77: Ruy Lopez: 3...a6 4 Ba4 Nf6, unusual lines} 8. Nd5 h6 9. c3 O-O 10. Nxf6+ Qxf6 11. Bd5 Bd7 12. Rg1 {LiveBook: 3 Games} h5 $146 ({Predecessor:} 12... Ne7 13. Bxa8 Rxa8 14. g4 Qe6 15. Nh4 {½-½ (39) Svidler,P (2755)-Mamedyarov,S (2772) Moscow 2017}) 13. h3 Rae8 14. g4 hxg4 15. hxg4 Qg6 (15... Ne7 $11 {keeps the balance.} 16. Bb3 a5) 16. Nh4 $16 {[%cal Bf3h4,Bh4f5,Bf5e7][%mdl 32]} Qh7 17. Bg5 {aiming for Qf3.} Nd8 (17... Na5 $14) 18. Bxd8 $1 Rxd8 19. Nf5 $1 {[%cal Rf5e7]} Qh2 $2 {[%mdl 8192]} (19... Bxf5 $16 20. gxf5 Qh2) 20. Ne7+ $1 $18 Kh7 {[%csl Gc5][%cal Rh2f2] [#]} 21. Qf3 $1 Qxg1+ $2 {[#]} (21... Qxf2+ 22. Qxf2 Bxf2+ 23. Kxf2 g6) 22. Kd2 $1 {[%cal Rf3h3]} Qh2 23. Rh1 {[%cal Rh1h2]} Qh6+ 24. g5 {Precision: White = 97%, Black = 20%.} 1-0

[Event "2nd European Youth GP 2017"]
[Site "Jermuk"]
[Date "2017.10.11"]
[Round "7"]
[White "Pultinevicius, Paulius"]
[Black "Pogosyan, Stefan"]
[Result "1-0"]
[WhiteElo "2387"]
[BlackElo "2368"]
[Annotator "NA"]
[PlyCount "81"]
[EventDate "2017.??.??"]
[EventType "tourn"]
[EventCountry "ARM"]
[SourceTitle "playchess.com"]
[Source "ChessBase"]
[SourceQuality "1"]
[TimeControl "5400+30"]

1. Nf3 {[%emt 0:00:00]} Nf6 {[%emt 0:00:10]} 2. g3 {[%emt 0:00:00]} d5 {[%emt 0:01:03]} 3. Bg2 {[%emt 0:00:00]} b5 {[%emt 0:01:25]} 4. O-O {[%emt 0:01:09]} e6 {[%emt 0:00:31]} 5. d3 {[%emt 0:06:04]} Bb7 {[%emt 0:01:32]} 6. Nbd2 {[%emt 0:00:20]} Be7 {[%emt 0:00:15]} 7. e4 {[%emt 0:02:20]} c5 {[%emt 0:02:07]} 8. Re1 {[%emt 0:01:44]} Nc6 {[%emt 0:00:49]} 9. Qe2 {[%emt 0:04:51]} O-O {[%emt 0:07:26]} 10. e5 {[%emt 0:00:50]} Nd7 {[%emt 0:00:05]} 11. Nf1 {[%emt 0:01:33]} a5 {[%emt 0:02:04]} 12. h4 {[%emt 0:02:19]} a4 {[%emt 0:00:35]} 13. a3 {[%emt 0:12:47] C00: French: Unusual White 2nd moves} b4 {[%emt 0:04:31]} 14. Bf4 {[%emt 0:11:20]} c4 {[%emt 0:04:58] [#]} 15. d4 $146 {[%emt 0:17:59]} ({Predecessor:} 15. dxc4 Ba6 16. Ne3 bxa3 17. bxa3 Rc8 18. Qd2 dxc4 19. Red1 Nb6 20. Qe2 Qc7 {1-0 (40) Dvoretzky,M (2525)-Lebredo Zarragoitia,G (2385) Vilnius 1978}) 15... c3 {[%emt 0:02:25]} 16. bxc3 {[%emt 0:00:02]} b3 {[%emt 0:03:02]} 17. cxb3 {[%emt 0:03:45]} axb3 {[%emt 0:00:10]} 18. Reb1 {[%emt 0:00:55]} Ba6 {[%emt 0:02:15]} 19. Qe3 {[%emt 0:11:23]} Na5 {[%emt 0:01:11]} 20. N1d2 {[%emt 0:02:09]} Rb8 {[%emt 0:01:29]} 21. Bf1 {[%emt 0:03:25]} Bxf1 {[%emt 0:01:24]} 22. Kxf1 {[%emt 0:00:02]} Nb6 {[%emt 0:00:27]} 23. a4 {[%emt 0:03:07]} Qd7 {[%emt 0:01:27]} 24. Bg5 {[%emt 0:00:47] [#]} Bxg5 {[%emt 0:02:30]} (24... Nbc4 $1 $19 {[%cal Rc4e3] and Black stays clearly on top.} 25. Qe2 Bxg5 26. Nxc4 Nxc4 27. hxg5 Qc7) 25. hxg5 {[%emt 0:00:57]} b2 {[%emt 0:17:20]} 26. Ra2 {[%emt 0:00:09]} ({Avoid the trap} 26. Rxb2 $2 Nbc4 $19) 26... Nxa4 $17 {[%emt 0:00:06]} 27. Kg2 {[%emt 0:02:37]} Nb3 {[%emt 0:26:57]} 28. Rh1 {[%emt 0:01:51]} Nxd2 {[%emt 0:01:20]} 29. Nxd2 {[%emt 0:00:15]} Rfc8 {[%emt 0:01:35]} 30. Ra3 {[%emt 0:02:13]} Qb5 {[%emt 0:03:13]} 31. g4 {[%emt 0:00:47]} Kf8 {[%emt 0:05:46]} 32. Rxh7 {[%emt 0:04:26]} Ke7 {[%emt 0:02:22]} 33. g6 {[%emt 0:00:43]} Rh8 {[%emt 0:01:12]} 34. Rxg7 {[%emt 0:03:00]} b1=Q {[%emt 0:01:46]} 35. Rxf7+ {[%emt 0:00:09]} Ke8 {[%emt 0:00:22]} 36. Nxb1 {[%emt 0:00:05]} Qxb1 {[%emt 0:01:21]} 37. Rh7 {[%emt 0:00:03]} Rxh7 {[%emt 0:00:42]} 38. gxh7 {[%emt 0:00:00]} Kd7 {[%emt 0:00:42]} 39. Rxa4 {[%emt 0:00:07]} Rh8 {[%emt 0:00:05]} 40. Ra7+ {[%emt 0:00:16]} Kc6 {[%emt 0:00:04]} 41. Qe2 {[%emt 0:00:11]} 1-0

[Event "2nd European Youth GP 2017"]
[Site "Jermuk"]
[Date "2017.10.11"]
[Round "7"]
[White "Kaasen, Tor Fredrik"]
[Black "Hakobyan, Aram"]
[Result "0-1"]
[WhiteElo "2371"]
[BlackElo "2457"]
[Annotator "TA"]
[PlyCount "86"]
[EventDate "2017.??.??"]
[EventType "tourn"]
[EventCountry "ARM"]
[SourceTitle "playchess.com"]
[Source "ChessBase"]
[SourceQuality "1"]

{[%evp 22,86,13,0,0,-61,-9,0,0,0,0,-168,-144,-232,-222,-211,-214,-243,-240,-242,-236,-885,-679,-605,-268,-375,-380,-369,-362,-333,-322,-1669,-1606,-1543,-1640,-1601,-1577,-1443,-1516,-1377,-1354,-1003,-930,-1410,-1443,-1221,-878,-12831,-6398,-1937,-1583,-2058,-1754,-12845,-12845,-12848,-12848,-12849,-12849,-12850,-12850,-12850,-29982,-12851,-29983,-29983,-29984]} 1. e4 e5 2. Nf3 Nc6 3. Bc4 Bc5 4. c3 Nf6 5. d4 exd4 6. e5 d5 7. Bb5 Ne4 8. cxd4 Bb6 9. Nc3 O-O 10. Be3 {C54: Giuoco Piano: 4 c3 Nf6, main lines with 5 d4 and 5 d3} Bg4 11. h3 Bh5 12. Qc2 {LiveBook: 14 Games. The position is equal.} Ba5 (12... Bg6 13. Qb3 Ne7 14. O-O c6 15. Bd3 Nf5 16. Rae1 Nxd4 17. Bxd4 Bxd4 18. Nxe4 dxe4 19. Bxe4 Bxe4 20. Rxe4 {½-½ (29) Svidler,P (2749)-So,W (2810) Saint Louis 2017}) 13. a3 (13. Bxc6 $11 bxc6 14. O-O) 13... f6 (13... Nxc3 $15 14. bxc3 f6) 14. Bxc6 $1 $11 Bxc3+ 15. bxc3 bxc6 {[#]} 16. exf6 $146 (16. O-O $11 {and White is okay.}) ({Predecessor:} 16. Nd2 Bg6 17. Qa4 Qe8 18. Nxe4 Bxe4 {½-½ (37) Maze,S (2612)-Gozzoli,Y (2592) Agen 2017}) 16... Bxf3 $1 $19 ({And not} 16... Rxf6 17. Ne5 $14) 17. fxg7 (17. gxf3 $17 Nxf6 18. Rg1) 17... Rf7 ({Much less strong is} 17... Kxg7 18. gxf3 Rxf3 19. Rg1+ Kh8 20. Bh6) 18. gxf3 Rxf3 19. Rg1 Qh4 20. O-O-O {[#]} Rb8 $1 21. c4 $2 (21. Rg4 Qe7 22. Rxe4 Qxa3+ 23. Kd2) 21... Rxf2 22. Qd3 Ra2 (22... Qf6 $142 {Hoping for ...Nc5!} 23. Rd2 Nxd2 24. Bxd2 Rf3) 23. Rdf1 {Threatens to win with Rf8+!} Qxh3 24. Rf8+ Rxf8 25. gxf8=R+ Kxf8 26. Qb3 $2 (26. cxd5 cxd5 27. Qf1+ Qxf1+ 28. Rxf1+ Ke8 29. Rf5 Rxa3 30. Bd2) 26... Ra1+ 27. Kb2 Rxg1 28. Qb8+ Kf7 29. Qxc7+ {[#]} Kg6 $1 30. Qxc6+ Nf6 31. Bxg1 Qg2+ 32. Kc3 Qxg1 33. cxd5 Qc1+ 34. Kb4 Qb2+ (34... Qd2+ $142 35. Kc4 Qa2+ 36. Kb4 Qb2+ 37. Kc4 Qxa3) 35. Kc4 Qa2+ 36. Kb4 Qxd5 37. Qc3 Ne4 {( -> ...a5+)} 38. Qe3 a5+ 39. Ka4 Qc4+ 40. Kxa5 Qc3+ 41. Qxc3 Nxc3 42. Kb4 h5 {[%cal Bh7h5,Bh5h4][%mdl 32]} 43. Kxc3 h4 {Precision: White = 21%, Black = 80%.} 0-1

[Event "2nd European Youth GP 2017"]
[Site "Jermuk"]
[Date "2017.10.11"]
[Round "7"]
[White "Shubin, Kirill"]
[Black "Lobanov, Sergei"]
[Result "1/2-1/2"]
[WhiteElo "2359"]
[BlackElo "2457"]
[Annotator "TA"]
[PlyCount "47"]
[EventDate "2017.??.??"]
[EventType "tourn"]
[EventCountry "ARM"]
[SourceTitle "playchess.com"]
[Source "ChessBase"]
[SourceQuality "1"]

{[%evp 33,35,15,17,11]} 1. e4 c6 2. d4 d5 3. Nc3 dxe4 4. Nxe4 Bf5 5. Ng3 Bg6 6. h4 h6 7. Nf3 Nd7 8. h5 Bh7 9. Bd3 Bxd3 10. Qxd3 Ngf6 11. Bf4 Qa5+ 12. Bd2 Qc7 13. O-O-O e6 14. Ne4 Nxe4 15. Qxe4 Nf6 16. Qe2 O-O-O {B19: Classical Caro-Kann: 4...Bf5 main line} 17. c4 (17. Kb1 c5 18. dxc5 Bxc5 19. Ne5 Rd4 20. f3 Rhd8 21. Nd3 Bb6 22. g4 R4d5 23. Bc1 Nd7 24. Nf4 Rxd1 25. Rxd1 {½-½ (48) Petrosian,T (2593)-Akobian,V (2612) Santa Rosa 2016}) 17... c5 {LiveBook: 13 Games} 18. Be3 {Predecessor:} Ng4 $146 19. Kb1 Bd6 20. Rh4 Nxe3 21. fxe3 Be7 22. Rhh1 Bf6 23. Rd2 Qa5 24. g4 {½-½ (44) Bodach,H (2199)-Pezerovic,E (2439) Bad Wiessee 2013} 1/2-1/2

[Event "2nd European Youth GP 2017"]
[Site "Jermuk"]
[Date "2017.10.11"]
[Round "7"]
[White "Zarubitski, Viachaslau"]
[Black "Sargsyan, Shant"]
[Result "1/2-1/2"]
[WhiteElo "2311"]
[BlackElo "2431"]
[Annotator "TA"]
[PlyCount "55"]
[EventDate "2017.??.??"]
[EventType "tourn"]
[EventCountry "ARM"]
[SourceTitle "playchess.com"]
[Source "ChessBase"]
[SourceQuality "1"]

{[%evp 31,55,30,32,33,29,29,21,31,28,12,12,4,9,21,25,9,9,0,0,0,0,0,0,0,0,0]} 1. e4 e5 2. Nf3 Nc6 3. Bb5 a6 4. Ba4 Nf6 5. O-O Be7 6. Re1 b5 7. Bb3 d6 8. c3 O-O 9. h3 Re8 10. d4 Bf8 11. Nbd2 Bb7 12. a3 h6 13. Bc2 d5 14. dxe5 {C93: Closed Ruy Lopez: Smyslov Variation} Nxe5 15. Nxe5 Rxe5 16. f4 (16. Nf3 Re8 17. e5 Ne4 18. Bf4 c5 19. a4 b4 20. c4 f5 21. cxd5 Qxd5 {½-½ (46) Navara,D (2725)-Morozevich,A (2683) Novi Sad 2016}) 16... Bc5+ {LiveBook: 3 Games} 17. Kh1 Rxe4 18. Nxe4 Nxe4 19. Bxe4 dxe4 20. Be3 Bxe3 21. Qxd8+ Rxd8 22. Rxe3 $11 {[%mdl 4096] Endgame KRR-KRB} Rd2 $146 23. b4 Bc6 {The position is equal.} 24. Rae1 Kf8 25. R1e2 Rd1+ 26. Re1 Rd2 $1 27. R1e2 Rd1+ 28. Re1 1/2-1/2

[Event "2nd European Youth GP 2017"]
[Site "Jermuk"]
[Date "2017.10.11"]
[Round "7"]
[White "Kacharava, Nikolozi"]
[Black "Gharibyan, Mamikon"]
[Result "1/2-1/2"]
[WhiteElo "2206"]
[BlackElo "2346"]
[Annotator "NA"]
[PlyCount "71"]
[EventDate "2017.??.??"]
[EventType "tourn"]
[EventCountry "ARM"]
[SourceTitle "playchess.com"]
[Source "ChessBase"]
[SourceQuality "1"]
[TimeControl "5400+30"]

1. e4 {[%emt 0:00:00]} e5 {[%emt 0:00:19]} 2. Nf3 {[%emt 0:00:00]} Nc6 {[%emt 0:00:07]} 3. Bc4 {[%emt 0:00:04]} Bc5 {[%emt 0:00:35]} 4. c3 {[%emt 0:00:25]} Nf6 {[%emt 0:00:38]} 5. d3 {[%emt 0:00:20]} d6 {[%emt 0:01:04]} 6. Nbd2 {[%emt 0:00:14]} O-O {[%emt 0:00:52]} 7. O-O {[%emt 0:00:13]} a5 {[%emt 0:00:36] C54: Giuoco Piano: 4 c3 Nf6, main lines with 5 d4 and 5 d3} 8. Re1 {[%emt 0:00:59]} h6 {[%emt 0:03:23]} (8... Be6 9. Bb5 Qb8 10. Nf1 Qa7 11. Be3 Bxe3 12. Nxe3 Ne7 13. a4 Ng6 14. Bc4 Bxc4 15. Nxc4 {½-½ (47) So,W (2810)-Ding,L (2777) Tbilisi 2017}) 9. Nf1 {[%emt 0:01:11]} Ne7 {[%emt 0:10:36]} 10. Ng3 $146 {[%emt 0:03:17]} ({Predecessor:} 10. d4 exd4 11. cxd4 Bb6 12. Ng3 Ng6 13. Bd3 Bg4 14. Be3 Ne7 15. h3 {1-0 (44) Plotkin,V (2191)-Derraugh,G Ottawa 2007}) 10... Ng6 {[%emt 0:01:49]} 11. h3 {[%emt 0:03:18]} c6 {[%emt 0:04:16]} 12. Bb3 {[%emt 0:06:06]} Re8 {[%emt 0:07:45]} 13. d4 {[%emt 0:04:13]} exd4 {[%emt 0:10:49]} 14. cxd4 {[%emt 0:02:29]} Bb6 {[%emt 0:04:09]} 15. Qc2 {[%emt 0:06:26]} Be6 {[%emt 0:04:34]} 16. Bxe6 {[%emt 0:01:50]} Rxe6 {[%emt 0:01:37]} 17. Be3 {[%emt 0:08:45]} d5 {[%emt 0:19:08]} 18. e5 {[%emt 0:03:29]} Nd7 {[%emt 0:00:40]} 19. Nf5 {[%emt 0:12:35]} Qf8 {[%emt 0:04:18]} 20. Rac1 {[%emt 0:05:55]} Bc7 {[%emt 0:03:06]} 21. Nh2 {[%emt 0:09:55]} c5 {[%emt 0:09:28]} 22. f4 $16 {[%emt 0:02:36]} Rc6 {[%emt 0:04:13]} 23. Qe2 {[%emt 0:08:51]} Bb6 {[%emt 0:01:15]} 24. Qg4 {[%emt 0:02:39]} h5 {[%emt 0:02:51]} 25. Qxh5 {[%emt 0:05:23]} cxd4 {[%emt 0:00:21]} 26. Rxc6 {[%emt 0:01:03]} bxc6 {[%emt 0:00:51]} 27. Bd2 {[%emt 0:00:13]} d3+ {[%emt 0:02:03]} 28. Kh1 {[%emt 0:00:26]} Nc5 {[%emt 0:00:15]} 29. Ng4 {[%emt 0:03:47]} Ne4 {[%emt 0:01:51]} 30. Rxe4 {[%emt 0:01:20]} dxe4 {[%emt 0:00:05]} 31. Nf6+ {[%emt 0:01:28]} gxf6 {[%emt 0:00:06]} 32. Nh6+ {[%emt 0:00:44]} Kg7 {[%emt 0:01:23]} 33. Nf5+ {[%emt 0:01:49]} Kg8 {[%emt 0:00:03]} 34. Nh6+ {[%emt 0:00:34]} Kg7 {[%emt 0:00:08]} 35. Nf5+ {[%emt 0:03:01]} Kg8 {[%emt 0:00:08]} 36. Nh6+ {[%emt 0:01:20]} 1/2-1/2